HEAVENLY LIVING HERE & NOW: (Record no. 204616)
[ view plain ]
| 000 -LEADER | |
|---|---|
| fixed length control field | 00685nam a22001937a 4500 |
| 005 - DATE AND TIME OF LATEST TRANSACTION | |
| control field | 20250502143129.0 |
| 010 ## - LCCN (DPL NO) | |
| LC control number | ENG-141085 |
| 020 ## - INTERNATIONAL STANDARD BOOK NUMBER | |
| Terms of availability | 140.00 |
| International Standard Book Number | 817017497 |
| 035 ## - SYSTEM CONTROL NUMBER | |
| System control number | EN-124617 |
| 037 ## - SOURCE OF ACQUISITION | |
| Source of stock number/acquisition | DBAD |
| 082 ## - DEWEY DECIMAL CLASSIFICATION NUMBER | |
| Classification number | 650.11 |
| 100 ## - MAIN ENTRY--PERSONAL NAME | |
| Personal name | SUBRAMANIAN V.K. |
| 245 ## - TITLE STATEMENT | |
| Title | HEAVENLY LIVING HERE & NOW: |
| Remainder of title | A COMPLETE GUIDE TO TOTAL LIFE MANAGEMENT/ |
| Statement of responsibility, etc | V.K. SUBRAMANIAN |
| 260 ## - PUBLICATION, DISTRIBUTION, ETC. (IMPRINT) | |
| Place of publication, distribution, etc | New delhi |
| Name of publisher, distributor, etc | Shakit Malik Abhinav Publications |
| Date of publication, distribution, etc | 2014 |
| 270 ## - ADDRESS | |
| City | New delhi |
| Postal code | 110016 |
| Address | E-24, Hauz Khas |
| 300 ## - PHYSICAL DESCRIPTION | |
| Extent | 175pages |
| Dimensions | 23cm |
| 500 ## - GENERAL NOTE | |
| General note | हर लाइलाज समस्या का इलाज आपके अंदर है |
| 942 ## - ADDED ENTRY ELEMENTS (KOHA) | |
| Source of classification or shelving scheme | Dewey Decimal Classification |
| Item type | Hindi Books |
| Classification part | 650.11 |
| Call number suffix | IAN |
| Withdrawn status | Lost status | Not for loan | Collection code | Home library | Current library | Date acquired | Source of acquisition | Cost, normal purchase price | Full call number | Barcode | Copy number | Cost, replacement price | Koha item type |
|---|---|---|---|---|---|---|---|---|---|---|---|---|---|
| Not For Loan | Non-fiction | D.B.Act.Division | D.B.Act.Division | 30/07/2024 | DBAD | 350.00 | 650.11 IAN | EN-124617 | 1 | 350.00 | English Books |
